Normal view MARC view

Entry Personal Name

Number of records used in: 1

001 - CONTROL NUMBER

  • control field: 1238087

003 - CONTROL NUMBER IDENTIFIER

  • control field: OSt

005 - DATE AND TIME OF LATEST TRANSACTION

  • control field: 20260430150636.0

008 - FIXED-LENGTH DATA ELEMENTS

  • fixed length control field: 260430|| aca||aabn | a|a d

040 ## - CATALOGING SOURCE

  • Original cataloging agency: OSt
  • Transcribing agency: OSt

100 ## - HEADING--PERSONAL NAME

  • Personal name: University of Delhi. Faculty of Mathematical Sciences. Deptt. of Operational Research

670 ## - SOURCE DATA FOUND

  • Source citation: Work cat.: (OSt)1850281: Hitesh Kumar Au.; Singh Ompal Gu.; Adarsh Anand Gu. 1238086, Innovation Adoption Modelling and Application of Numerical Methods in Marketing, 2024
Copyright @ Delhi University Library System